Click the Year in Music - Statistics

General Stats
  • This quiz has been taken 67 times
  • The average score is 10 of 15
Answer Stats
Hint Answer % Correct
Woodstock, Altamont; Abbey Road, Let It Bleed, Tommy, In the Court of the Crimson King 1969
93%
Purple Rain, Born in the U.S.A., 1984, Ride the Lightning, Like a Virgin 1984
83%
Never Mind the Bollocks, Rumours, Low, Heroes, Saturday Night Fever 1977
80%
Nevermind, Ten, Blood Sugar Sex Magik, Loveless, The Low End Theory, Metallica’s Black Album 1991
80%
Remain in Light, Back in Black, Closer, London Calling (US), Boy, John Lennon murdered 1980
78%
Sgt. Pepper’s, Are You Experienced?, Velvet Underground & Nico, Piper at the Gates of Dawn; Monterey Pop Festival 1967
72%
Thriller, 1999, Rio, Nebraska, The Number of the Beast, The Dreaming 1982
72%
Illmatic, Dookie, Grace, Superunknown, The Downward Spiral, Vitalogy; Kurt Cobain dies 1994
69%
Led Zeppelin IV, Blue, Hunky Dory, What’s Going On, Sticky Fingers, There’s a Riot Goin’ On 1971
67%
The Dark Side of the Moon, Houses of the Holy, Raw Power, Quadrophenia, Catch a Fire, Goodbye Yellow Brick Road 1973
65%
In Utero, Siamese Dream, Enter the Wu-Tang (36 Chambers), Midnight Marauders, Souvlaki, Vs., Rid of Me 1993
65%
Kid A, Marshall Mathers LP, Parachutes, White Pony, Stories from the City…. 2000
63%
OK Computer, Homogenic, Urban Hymns, Homework, The Fat of the Land, Either/Or 1997
61%
Elephant, Get Rich or Die Tryin’, Speakerboxxx/The Love Below, Room on Fire, Hail to the Thief, Fever to Tell 2003
57%
In Rainbows, Sound of Silver, Neon Bible, Graduation, Oracular Spectacular, Untrue 2007
44%
No matching quizzes found
Score Distribution
Percent of People with Each Score
Percentile by Number Answered
Your Score History
You have not taken this quiz